000 00262nam a22001217a 4500
008 181011b xxu||||| |||| 00| 0 eng d
041 _aeng
080 _a320
100 _a21
101 _aSHP
245 _aPolitical Influence
_cBanfield,E.C
942 _2udc
_cBK
999 _c49418
_d49418